000 00683nam a2200241Ia 4500
003 OSt
005 20220918175112.0
006 a|||||r|||| 00| 0
007 ta
008 220917b |||||||| |||| 00| 0 eng d
024 _a15,694
037 _cTextual
040 _aARTS
_cARTS
_beng
041 _2eng
_aeng
082 _aO:x0V3:5:K0, J5
100 _aHarrison G B
_952903
245 0 _aElizabethan journals
_b Being a record of those things most talked of during the years 1591-1603
260 _c1955
300 _a3V. bound in one
_ccm.
650 _aENGLISH LITERATURE
942 _hO:x0V3:5:K0, J5
_cTEXL
_2CC
999 _c156091
_d156091